000 00684cam a2200265 i 4500
999 _c8392
_d8392
001 8392
003 BD-JhCC
005 20180925091623.0
008 180925s1974 vaua b 000 0 eng
020 _a0829240985
035 _a(BD-JhCC)8392
040 _aDLC
_cDLC
_erda
_dDLC
_dBD-JhCC
041 _aeng
050 0 0 _aQ183.3.A1
_bD68 2017
082 0 0 _a418.4
_223
_bFAY 1974
100 _aFay, Leo
245 0 0 _aDive in /
_cLeo Fay
260 _aChicago :
_bThe Riverside Publishing,
_c1974
300 _a176 p. :
_bill.;
_c23 cm
650 _aReading (Elementary)
650 _aChildren's literature
650 _aReading (Primary)
942 _2ddc
_cBK